00474nam a2200133Ia 4500008004100000020001500041050002200056100002700078245010200105260003400207300003700241650003100278650003100309120626s9999 xx 000 0 und d a9684112297 aF1219 b3A7 W436 aWestheim, Paul eautor aObras maestras del México antiguo c/ Paul, Westheim; traducción de Mariana, Frenk-Westheim aMéxico b: Biblioteca era  a279 páginas b: ilustraciones  0aARTE INDÍGENAzMÉXICO  0aMÉXICO vANTIGÜEDADES